00501nam a22001337a 4500003000500000038001800005082000800023100001700031245013200048264003500180650006100215700003300276856005800309NUST aNusrat Nadeem a200 aAli, Mukaram aFrom Traditional to Transformative: Adapting The OK-LCD Model to Modernize Training Practices at The Workplace./cMukaram Ali,  aIslamabad:bSEECS NUST.c2025. aMS-Science in Innovative Technologies in Learning (-ITL) aSupervisor: Dr. Arham Muslim u http://10.250.8.41:8080/xmlui/handle/123456789/54733